| 000 | 01405cam a22004454i 4500 | ||
|---|---|---|---|
| 003 | PE-LiUPU | ||
| 005 | 20250731173121.0 | ||
| 008 | 150623s r 000 0 d | ||
| 020 | _a8423986403 | ||
| 035 | _a(Sirsi) i9788423986408 | ||
| 040 |
_aPE-LiUPU _bspa _cPE-LiUPU _erda |
||
| 049 | _aPRUA | ||
| 082 | 0 | 4 |
_a203 _bD27 _221 |
| 100 | 1 |
_aVillar Rodríguez, Celia, _eautor. |
|
| 245 | 1 | 0 |
_aDiccionario de las religiones / _cCelia Vilñlar Rodríguez. |
| 264 | 1 |
_aMadrid : _bEditorial Espasa Calpe, _c1998. |
|
| 300 |
_a134 páginas : _bilustraciones, gráficos ; _c26 centímetros |
||
| 336 |
_atext _2rdacontent |
||
| 337 |
_aunmediated _2rdamedia |
||
| 338 |
_avolume _2rdacarrier |
||
| 505 | 0 | _aDiccionario (A-J). | |
| 526 | _aSEG42 | ||
| 526 | _aSEG41 | ||
| 526 | _aSEG40 | ||
| 526 | _aSEG39 | ||
| 526 | _aP94 | ||
| 526 | _aP87 | ||
| 526 | _aP86 | ||
| 526 | _aP85 | ||
| 526 | _aP77 | ||
| 526 | _aP76 | ||
| 526 | _aP35 | ||
| 650 | 0 | 4 |
_aReligiones _vDiccionarios. |
| 942 |
_2ddc _cBOOK |
||
| 949 |
_a203 D27 _wDEWEY _c1 _i49627 _lCCODEBUL1 _mBUL _r0 _sY _tBOOK _u2015-6-24 _xTEOLOGIA _PP35 _0COMPRA _o.STAFF. Colección General |
||
| 994 |
_aC0 _bPEPRU |
||
| 596 | _a1 | ||
| 999 |
_a203 D27 _wDEWEY _c32457 _i49627 _f2021-11-9 _g5 _lCCODEBUL1 _mBUL _r0 _sY _tBOOK _u2015-6-24 _xTEOLOGIA _PP35 _0COMPRA _o.STAFF. Colección General _d32457 |
||
| 980 |
_81 _gALBERTO SANCHEZ Responsable de Automatización |
||